All the Geography I know-South American Edition - Statistics

General Stats
  • This quiz has been taken 25 times
  • The average score is 33 of 60
Answer Stats
Hint Answer % Correct
South American country Brasil/Brazil
96%
City in Brazil Rio de Janeiro
96%
Country in South America Argentina
92%
Capital of the above Brasilia
92%
Capital of Peru Lima
92%
Capital of Venezuela Caracas
88%
French territory in South America French Guiana
88%
One of Bolivian capitals La Paz
88%
Capital of Uruguay Montevideo
88%
Country in South America Peru
88%
Capital of Chile Santiago
88%
South American country Suriname
88%
South American country Bolivia
84%
Capital of the first answer on this quiz Buenos Aires
84%
South American country Colombia
84%
Biggest city in Brazil Sao Paulo
80%
One of the Bolivian capitals Sucre
80%
Capital of one of the below countries Bogota
76%
Country in South America Ecuador
76%
City in Colombia Medellin
76%
Country in South America Paraguay
76%
South American country Venezuela
76%
British island chain off the coast of Argentina Falkland
72%
South American country Uruguay
68%
City in Brazil Manaus
64%
City in Brazil Recife
64%
City in Brazil Fortaleza
60%
Capital of Suriname Paramaribo
60%
Another city there Belem
56%
Capital of the Incan Empire Cuzco
56%
Capital of the Land of Emeralds Quito
56%
A city there Belo Horizonte
52%
City in Venezuela Maracaibo
52%
City in the above Cali
48%
A city in the first answer Cordoba
48%
Another city in that country Barranquilla
44%
City in Brazil Salvador
44%
City in Bolivia Santa Cruz
44%
City in Chile Valparaiso
44%
Subdivision of Brazil Amazonas
40%
City in Argentina Mendoza
36%
City in the Land of Emeralds Guayaquil
32%
City in Brazil Goiania
28%
City in Brazil Natal
28%
Subdivision of Brazil Acre
24%
City in Chile Concepcion
24%
Subdivision of Brazil Alagoas
20%
Subdivision of Brazil Amapa
20%
City in Argentina Salta
20%
City in the 3rd to last answer on this quiz Salto
20%
City in Argentina San Miguel de Tucuman
20%
Capital of Paraguay Ascuncion
16%
Another city there Bahia Blanca
16%
City in Venezuela Barquisimeto
16%
"Large Field" Campo Grande
16%
Another city in Peru Chiclayo
16%
City in Brazil Joao Pessoa
16%
City in Argentina Neuquen
16%
City in the above Piura
12%
Subdivision of Brazil Roraima
8%
No matching quizzes found
Score Distribution
Percent of People with Each Score
Percentile by Number Answered
Your Score History
You have not taken this quiz